000 00228nam a22000857a 4500
008 160824b xxu||||| |||| 00| 0 eng d
100 _9236
_aKishore N
245 _aHow to play Gymnastics
260 _aNew Delhi
_bSports publication
_c2012
999 _c2890
_d2890